• 首页
  • 本馆介绍
  • 公告通知
  • 最新文献
  • 馆藏检索
  • 电子资源
  • 读者导购
  • 参考咨询
  • 我的图书馆
  • 登录
  • 详细信息显示
  • 放入我的书架
  • 预约/预借图书
  • 作者相关作品
  • 分类相关作品
  • 丛书相关作品
  • 出版社相关作品

书目信息

  • 表格格式
  • 工作单格式
  • 卡片格式
题名:
邢统
    
 
作者: 窦仪 撰
分册: 第三册  
出版信息: 北京   文物出版社  1982.10
页数: 1册
开本: 18*13cm
丛书名: 嘉业堂丛书
单 册:
中图分类: D929.44
科图分类:
主题词: 法律--中国
电子资源:
ISBN:
000 00754nam0 2200265 450
001 0636123157
005 20061019101027.76
010    @b线装@dCNY54.00(函)
100    @a20061019d1982 km y0chiy0120 ea
101 0  @achi
102    @aCN@b110000
102    @aCN@b110000
200 1  @a邢统@Axing tong@h第三册@f(宋)窦仪等撰@F(song)dou yi deng zhuan
210    @a北京@b北京五四大街29号@c文物出版社@d1982.10
215    @a1册@d18*13cm
225 2  @a嘉业堂丛书
300    @a第一至第八册为一函,共三十卷
305    @a吴兴刘氏嘉业堂刊本
306    @a本书为1982.10文物出版社木板印刷
410  0 @12001 @a嘉业堂丛书
606 0  @a法律@x中国
690    @aD929.44@v3
701  0 @a窦仪@Adou yi@4撰
801  0 @aCN@bPFT@c20061019
905    @a10447@dD929.44@e2:3
    
    邢统.第三册/(宋)窦仪等撰.-北京(北京五四大街29号):文物出版社,1982.10
    1册;18*13cm.-(嘉业堂丛书)
    第一至第八册为一函,共三十卷
    
    ISBN (线装):CNY54.00(函)
    
●
相关链接 在E读中查询图书 在五车中查询图书 在当当中查询图书 在豆瓣中查询图书


正题名:邢统     索取号:D929.44/2:3         预约/预借

序号 登录号 条形码 馆藏地/架位号 状态 备注
1 0222489   202406360   古籍典藏专区/ [索取号:D929.44/2:3] 在馆    
2 0222497   202406351   古籍典藏专区/ [索取号:D929.44/2:3] 在馆    
唐山师范学院图书馆 欢迎您!
大连网信软件有限公司© 版权所有